| 000 | 03128cgm a2200745Ka 4500 | ||
|---|---|---|---|
| 001 | ocm51959576 | ||
| 003 | OCoLC | ||
| 005 | 20241220162550.0 | ||
| 007 | vd cgaizs | ||
| 008 | 030402p19981988cau104 vleng d | ||
| 040 |
_aR2A _beng _cR2A _dBTCTA _dOCLCQ _dOCLCG _dSINLB _dSEA _dQT7 _dOCLCA _dOCLCQ _dBDX _dOBE _dOCLCO _dSBR _dUMC _dCHY _dOCLCA _dOCLCO _dUINTA |
||
| 019 | _a53901708 | ||
| 024 | 1 | _a086162126086 | |
| 024 | 1 | 0 | _a024543020172 |
| 028 | 4 | 0 |
_a4112608 _bTwentieth Century Fox Home Entertainment |
| 035 |
_a(OCoLC)51959576 _z(OCoLC)53901708 |
||
| 041 | 1 |
_aeng _afre _jspa _heng |
|
| 043 | _an-us-ny | ||
| 050 | 4 |
_aPN1995.C55 _bB54 1998 |
|
| 082 | 0 | 4 |
_a791.4372 _221 |
| 049 | _aUCLB | ||
| 245 | 0 | 0 |
_aBig _h[videorecording] / _cTwentieth Century Fox ; a Gracie Films production ; written by Gary Ross & Anne Spielberg ; produced by James L. Brooks & Robert Greenhut ; directed by Penny Marshall. |
| 250 | _aWidescreen version. | ||
| 257 |
_aUnited States _2naf |
||
| 260 |
_aBeverly Hills, Calif. : _bTwentieth Century Fox Home Entertainment, _cc1998. |
||
| 300 |
_a1 videodisc (104 min.) : _bsd., col. ; _c4 3/4 in. |
||
| 546 | _aIn English or French with optional subtitles in English and Spanish. Closed-captioned. | ||
| 508 | _aEditor, Barry Malkin ; production designer, Santo Loquasto ; director of photography, Barry Sonnenfeld ; music, Howard Shore. | ||
| 511 | 1 | _aTom Hanks, Elizabeth Perkins, Robert Loggia, John Heard, Jared Rushton. | |
| 500 | _aOriginally produced as motion picture in 1988. | ||
| 500 | _aIncludes original theatrical trailer. | ||
| 538 | _aDVD. | ||
| 521 | 8 | _aMPAA rating: PG. | |
| 520 | _aA 12-year-old boy's wish comes true when he asks a mechanical carnival genie to make him 'big'. He manages to land a job at a toy company where he experiences the complications of being an adult. | ||
| 650 | 0 |
_aTeenage boys _vDrama. _95729102 |
|
| 650 | 0 |
_aFortune-telling _vDrama. _96532254 |
|
| 650 | 0 |
_aWishes _vDrama. _95738195 |
|
| 650 | 0 |
_aAdulthood _zNew York (State) _zNew York _vDrama. _96532255 |
|
| 650 | 0 | _aToy industry. | |
| 650 | 0 | _aComedy films. | |
| 650 | 0 | _aFeature films. | |
| 650 | 0 | _aFantasy films. | |
| 650 | 0 |
_aVideo (DVD) _95894721 |
|
| 651 | 0 |
_aNew York (N.Y.) _vDrama. _95675592 |
|
| 655 | 7 |
_aComedy films. _2lcgft |
|
| 655 | 7 |
_aFeature films. _2lcgft |
|
| 655 | 7 |
_aFiction films. _2lcgft |
|
| 655 | 7 |
_aFilms for the hearing impaired. _2lcgft |
|
| 655 | 7 |
_aVideo recordings for the hearing impaired. _2lcgft |
|
| 700 | 1 |
_aHanks, Tom. _929715 |
|
| 700 | 1 |
_aPerkins, Elizabeth, _d1960- _962804 |
|
| 700 | 1 |
_aLoggia, Robert. _922753 |
|
| 700 | 1 |
_aHeard, John, _d1945- _95893927 |
|
| 700 | 1 |
_aRushton, Jared, _d1974- _964407 |
|
| 700 | 1 |
_aMarshall, Penny. _935850 |
|
| 700 | 1 |
_aRoss, Gary. _928293 |
|
| 700 | 1 |
_aSpielberg, Anne, _d1949- _974642 |
|
| 700 | 1 |
_aGreenhut, Robert. _923964 |
|
| 700 | 1 |
_aBrooks, James L. _930825 |
|
| 710 | 2 |
_aTwentieth Century-Fox Film Corporation. _95758 |
|
| 710 | 2 |
_aGracie Films. _964342 |
|
| 938 |
_aBaker and Taylor _bBTCP _nbe2005007188 |
||
| 938 |
_aBrodart _bBROD _n08906947 _c$14.98 |
||
| 994 |
_aC0 _bUINTA |
||
| 999 |
_c196167 _d196167 |
||